| 000 | 00463nam a22001577a 4500 | ||
|---|---|---|---|
| 020 | _qHard Cover. | ||
| 082 | _a658 | ||
| 100 | _aNaeemi, Zahra | ||
| 245 |
_aEconomic development of United Arab Emirates (UAE) _cZahra Naeemi. |
||
| 260 |
_aIslamabad : _bNBS - NUST, _c2013. |
||
| 300 |
_a61 p. : ill. ; _c30cm. |
||
| 650 |
_aMBA Thesis. _917629 |
||
| 700 |
_aMr. Umer Ahmed. _918205 |
||
| 942 |
_2ddc _cTHE |
||
| 999 |
_c532730 _d532730 |
||